000 00687nam a2200253Ia 4500
003 OSt
005 20221005085318.0
006 a|||||r|||| 00| 0
007 ta
008 221004b |||||||| |||| 00| 0 eng d
020 _a0385013655
024 _a77167
037 _cTextual
040 _aCRL
_cCRL
_beng
041 _2eng
_aeng
082 _aO111,1NDSx, K1
100 _aSlavitt David R
_9614123
245 0 _aVital signs
_b New and selected poems
260 _aNew York
_bDoubleday & company Inc. USA
_c1975
300 _a320p.
_ccm.
650 _aENGLISH LITERATURE
942 _hO111,1NDSx, K1
_cTEXL
_2cc
999 _c994022
_d994022